Fr. Conceicao Rodrigues College of Engineering

Advanced engg. Mathematics (Record no. 33656)

MARC details
000 -LEADER
fixed length control field 00315nam a2200145Ia 4500
082 ## - DEWEY DECIMAL CLASSIFICATION NUMBER
Classification number 610
Item number Kre
100 ## - MAIN ENTRY--PERSONAL NAME
Personal name Kreyszig/ Erwin
245 ## - TITLE STATEMENT
Title Advanced engg. Mathematics
260 ## - PUBLICATION, DISTRIBUTION, ETC.
Name of publisher, distributor, etc. John wiley
Place of publication, distribution, etc. New York
Date of publication, distribution, etc. 1988
300 ## - PHYSICAL DESCRIPTION
Extent 1294
546 ## - LANGUAGE NOTE
Language note ENGLISH
654 ## - SUBJECT ADDED ENTRY--FACETED TOPICAL TERMS
Focus term engg. Mathematics
942 ## - ADDED ENTRY ELEMENTS (KOHA)
Koha item type BOOK
Holdings
Withdrawn status Lost status Damaged status Not for loan Collection Home library Current library Date acquired Source of acquisition Cost, normal purchase price Inventory number Total Checkouts Full call number Barcode Date last seen Cost, replacement price Price effective from Koha item type
        CRC Fr. Agnel's C.Rodrigues College of Engineering Fr. Agnel's C.Rodrigues College of Engineering 17/03/2023 Progressive Books 542.30 2059 dt 21.09.92   610 Kre 3873 17/03/2023 542.30 21/09/1992 BOOK